000 00491nam a2200145Ia 4500
008 100122s9999 xx 000 0 und d
082 _b31466
_a50
100 _aलेखक शोधणे
245 _aनवभारत /वा.क.क्र.1111/3
250 _a0
260 _bप्रज्ञा पाठशाळा मंडळ
_c1981
630 _aनवभारत /वा.क.क्र.1111/3
730 _aनवभारत /वा.क.क्र.1111/3
942 _cBOOK
999 _c416055
_d416052